00784nam a2200181Ia 4500008004100000020001800041040001000059041000800069082001700077100001900094245002200113250001200135260003100147300002000178650038000198942000700578999001700585210329s9999||||xx |||||||||||||| ||und|| a0-07-048242-X cSTCPL hENG a547.2bSMI-O aSmith Michel B 0aOrganic synthesis a2nd ed. aTokyobMc Graw Hill c2002 aXI, 1371P, 26CM aOrganic ChemistrySynthesis And Named ReactionsUNIT 1- PRINCIPLES OF OBJECT ORIENTED PROGRAMMING, UNIT 2- BEGINNIN WITH C++, UNIT 3- TOKENS, EXPRESSIONS AND CONTROL STRUCTURES, UNIT 4- FUNCTIONS IN C++, UNIT 5- CLASSES AND OBJECTS, UNIT 6- CONSTRUCTORS AND DESTRUCTORS, UNIT 7- OPERATOR OVERLOADING, UNIT 8- INHERITANCE, UNIT 9- POINTERS, UNIT 10- C++ STREAMS, UNIT 11- FLAGS  cBK c50330d50330